1704 1294 1296 1091 1691 1253 1491 1225 1200 1141 1901 1309 1140 1772 1399 1267 1104 1403 1368 1616 1978 1904 1050 1127 1558 1538 1712 1223 1197 1619 1528 1700 1446 1032 1598 1874 1518 1044 1908 1820 1440 1924 1204 1004 1142 1999 1508 1302 1801 1769 1984 1975 1421 1070 1189 1793 1247 1781 1864 1855 1407 1676 1551 1870 1313 1750 1281 1799 1743 1030 1759 1561 1540 1459 1126 1409 1166 1449 1064 1068 1957 1675 1543 1941 1342 1217 1795 1107 1120 1738 1880 1781 1232 1763 1549 1675 1650 1744 1823 BCNSPRNW ULIB Ver.6.0+V

เปลี่ยนเป็นภาษาไทย

Change to English
 แสดงรายละเอียดบรรณานุกรม
  กลับหน้าหลัก

Brief Record : Get Marc (ISO 2709) : E-mail record : QR code < ปิดหน้าต่าง
LEADER : 00000nam 2200000uu 4500
001    13399125941
003     ULIB
008    171120s2560||||th 000 0 tha d
020    ^a9786164299979
060 04 ^aWM203.5^bพ255ค
100 0  ^aพรมณี หาญหัก
245 10 ^aคู่มือการกระตุ้นและส่งเสริมพัฒนาการเด็กที่มีภาวะออทิซึมสเปกตรัม /^cพรมณี หาญหัก
246 30 ^aStimulation and strengthening of development in children with autism spectrum disorder
250    ^aพิมพ์ครั้งที่ 1
260    ^aขอนแก่น :^bคลังนานาวิทยา,^c2560
300    ^a113 หน้า :^bภาพประกอบ ;^c21 ซม.
650  4 ^aเด็กพิเศษ
650  4 ^aออติสมในเด็ก
650  0 ^aเด็กออทิสติก^xการดูแล
650  0 ^aเด็กออทิสติก^xการปรับพฤติกรรม
650  0 ^aเด็กออทิสติก^xคู่มือ
700 0  ^aสุชาติ พหลภาคย์,^eบรรณาธิการ
700 0  ^aกุศลาภรณ์ ชัยอุดมสม,^eบรรณาธิการ
945    ^p0^l0^i003375
999    ^aประนอม เกษจรัล
รายการนี้ยังไม่มีแท็ก
คุณยังไม่ได้ล็อกอิน คุณสามารถมีกิจกรรมร่วมกับเว็บไซต์ได้ แต่ต้องล็อกอินก่อน ::
  ล็อกอิน

รายการสื่อสารสนเทศ

ลำดับที่ ประเภท เลขเรียก/บาร์โค้ด สถานที่ สถานะ
1. วิทยาศาสตร์การแพทย์ และสุขภาพ
วิทยาศาสตร์การแพทย์ และสุขภาพ
WM203.5 พ255ค ฉ.1 
  Barcode: 003375
ห้องสมุดวิทยาเขตนครสวรรค์
►หนังสือทั่วไป:l:General Books
บนชั้น

รายการใกล้เคียง
    หัวเรื่อง [เด็กพิเศษ]
    หัวเรื่อง [ออติสมในเด็ก]

BibComment


ยังไม่เคยถูกคอมเมนท์

คอมเมนท์ทรัพยากรรายการนี้
  คอมเมนท์: คู่มือการกระตุ้น..


 Copyright 2026. Bcnsprnw @Library